000 00579nam a2200169 4500
005 20241024142130.0
010 _aENG-142381
020 _a9789351950493
_c199.00
035 _aEN-125913
037 _bDBAD
082 _a260
245 _aGuru Nanak:
_bWhat Guru Nanak Did, What Guru Nanak Said The Thinker and The Poet/
_cEdited By Astri Ghosh
260 _aGurugram
_bHachette Books Publishing
_c2016
270 _a4th and 5th Floor, Corporate Centre, Plot No.-94, Sector 44,
_bGurugram
_e122003
300 _a136p.
_c18cm(pb)
942 _2ddc
_cEN
_h230
_mGUR
999 _c206702
_d206702